[Event "Oregon inv"]
[Site "Portland"]
[Date "2018.09.15"]
[Round "2"]
[White "Patel, Kian"]
[Black "Deeth, Steven B"]
[Result "0-1"]
[WhiteElo "2006"]
[BlackElo "2019"]
[PlyCount "58"]
[EventDate "2018.09.14"]
[EventType "tourn"]
[EventRounds "9"]
[EventCountry "USA"]
[SourceTitle "EXT 2024"]
[Source "ChessBase"]
[SourceDate "2023.10.10"]
[SourceVersion "1"]
[SourceVersionDate "2023.10.10"]
[SourceQuality "1"]

1. c4 c5 2. Nf3 Nc6 3. Nc3 e5 4. d3 Nge7 5. g3 d6 6. Bg2 g6 7. Bg5 Bg7 8. Ne4 f5 9. Nf6+ Kf7 10. Nd5 h6 11. Bd2 Be6 12. Nc3 Qd7 13. 0-0 g5 14. Ne1 f4 15. e3 Rag8 16. Ne4 Bf6 17. Bc3 h5 18. Qd2 Rg6 19. Nf3 h4 20. exf4 gxf4 21. Nxf6 Rxf6 22. Ng5+ Ke8 23. Nxe6 Qxe6 24. Rae1 f3 25. Bh1 Nd4 26. Bxd4 cxd4 27. Qd1 Qf5 28. Re4 hxg3 29. hxg3 Rxh1+ 0-1